| 000 | 00695nam a2200205Ia 4500 | ||
|---|---|---|---|
| 003 | GCL | ||
| 008 | 140319s9999 xx 000 0 ara d | ||
| 040 |
_aGCL / _cGCL |
||
| 082 | 0 | 4 |
_aق _b709.01 _bم ت |
| 100 | 1 | _aمحرم كمال | |
| 245 | 1 | 0 |
_aتاريخ الفن المصرى القديم / _cمحرم كمال |
| 260 |
_aالقاهرة : _bمكتبة مدبولى ، _c1998 |
||
| 300 |
_a221 ؛ _c24 سم |
||
| 490 |
_aصفحات من تاريخ مصر الفرعونية _v0 |
||
| 650 | 0 | 4 | _aالحضارة الفرعونية |
| 650 | 0 | 4 | _aالفن المصرى القديم |
| 650 | 0 | 4 | _aالنحت المصرى |
| 650 | 0 | 4 | _aمصر القديمة - تاريخ |
| 942 |
_2ddc _cBK |
||
| 999 |
_c42091 _d42091 |
||